Diseno de un biodigestor estandar para zonas rurales en Costa Rica

Uloženo v:
Podrobná bibliografie
Hlavní autor: Ulloa Melendez, Alejandro
Médium: Diplomová práce Kniha
Jazyk:Undetermined
Vydáno: 1988
Témata:
> > > > BIODIGESTOR
Tagy: Přidat tag
Žádné tagy, Buďte první, kdo vytvoří štítek k tomuto záznamu!

MARC

LEADER 00000nam a2200000Ia 4500
001 4679
008 140114s9999 xx 000 0 und d
100 |a Ulloa Melendez, Alejandro 
245 |a Diseno de un biodigestor estandar para zonas rurales en Costa Rica 
260 |c 1988 
500 |a NULL 
502 |a Escuela de ingenieria Quimica 
650 |z BIODIGESTOR 
999 |c 11835  |d 11835